Centroamérica: la tempestad no acaba con el invierno

Gardado en:
Detalles Bibliográficos
Formato: Texto
Materias:
Etiquetas: Engadir etiqueta
Sen Etiquetas, Sexa o primeiro en etiquetar este rexistro!

MARC

LEADER 00000 a a2200000 04500
001 6297
003
040
245 |a Centroamérica:   |b la tempestad no acaba con el invierno  
650 |a DESASTRES NATURALES  
650 |a CRISIS  
650 |a ESTADO  
650 |a GOBIERNO  
650 |a ECONOMIA  
650 |a POBLACION  
650 |a EMERGENCIA  
773 |g volumen 20, número 873; páginas 10-12  
999 |c 23299  |d 23299